000 00530nam a2200193 4500
010 _a443798
035 _a443798
037 _bCen Lib / Ret
040 _aDPL
_bEN
082 _a600
_bFOR
100 _aForbes, R. J.
245 _aStudies in ancient technology /
_cby R. J. Forbes
260 _aLeiden
_bE. J. Brill
_c1964
270 _aE. J. Brill
_bNetherlands
300 _a(v 3. 288 ; v 9. 290)
_b24cm(Hb)
650 _aTechnology -- History.
650 _aTechnology.
942 _2ddc
_cEN
_h600
_mFOR
999 _c136510
_d136510